MLB 2026 Starting Lineups - Statistics

General Stats
  • This quiz has been taken 532 times
    449 since last reset
  • The average score is 151 of 300
Answer Stats
Team Player PO % Correct
Arizona Diamondbacks Ketel Marte 2B
90%
Cincinnati Reds Noelvi Marte RF
88%
Kansas City Royals Starling Marte RF
88%
Arizona Diamondbacks Corbin Carroll RF
87%
Philadelphia Phillies Bryce Harper 1B
86%
Cincinnati Reds Elly De La Cruz SS
86%
Philadelphia Phillies Trea Turner SS
85%
Los Angeles Dodgers Will Smith C
85%
Houston Astros Yordan Alvarez DH
85%
Houston Astros Cam Smith RF
84%
Texas Rangers Josh Smith 2B
84%
Philadelphia Phillies Kyle Schwarber DH
84%
Atlanta Braves Ronald Acuña Jr. RF
84%
Chicago White Sox Shane Smith P
84%
Los Angeles Dodgers Shohei Ohtani DH
84%
Houston Astros Jose Altuve 2B
83%
Chicago White Sox Luisangel Acuña Jr. CF
83%
Arizona Diamondbacks Pavin Smith DH
83%
Kansas City Royals Bobby Witt Jr. SS
82%
Pittsburgh Pirates Oneil Cruz CF
82%
Pittsburgh Pirates Paul Skenes P
82%
Baltimore Orioles Gunnar Henderson SS
81%
Los Angeles Angels Mike Trout CF
81%
Atlanta Braves Matt Olson 1B
80%
New York Yankees Aaron Judge RF
79%
Philadelphia Phillies Alec Bohm 3B
79%
San Diego Padres Fernando Tatis Jr. RF
79%
Los Angeles Dodgers Freddie Freeman 1B
79%
Los Angeles Dodgers Mookie Betts SS
79%
Baltimore Orioles Pete Alonso 1B
79%
New York Mets Francisco Alvarez C
78%
Arizona Diamondbacks Geraldo Perdomo SS
78%
Philadelphia Phillies Adolis Garcia RF
76%
New York Mets Francisco Lindor SS
76%
Los Angeles Dodgers Kyle Tucker RF
76%
San Diego Padres Manny Machado 3B
76%
Philadelphia Phillies Cristopher Sánchez P
75%
Kansas City Royals Maikel Garcia 3B
75%
Los Angeles Dodgers Andy Pages CF
74%
Seattle Mariners Cal Raleigh C
74%
Cleveland Guardians Jose Ramirez 3B
74%
New York Mets Juan Soto LF
74%
Athletics | Los Angeles Dodgers Max Muncy 3B
74%
Atlanta Braves Ozzie Albies 2B
74%
Toronto Blue Jays Vladimir Guerrero Jr. 1B
74%
Los Angeles Dodgers Yoshinobu Yamamoto P
74%
Miami Marlins Agustin Ramirez C
73%
Philadelphia Phillies J.T. Realmuto C
73%
St. Louis Cardinals Pedro Pages C
73%
Kansas City Royals Salvador Perez C
73%
Detroit Tigers Tarik Skubal P
73%
Chicago Cubs Alex Bregman 3B
72%
Atlanta Braves Austin Riley 3B
72%
Atlanta Braves Chris Sale P
72%
Seattle Mariners Julio Rodriguez CF
72%
Chicago Cubs Pete Crow-Armstrong CF
71%
Los Angeles Dodgers Teoscar Hernandez LF
71%
Arizona Diamondbacks Zac Gallen P
71%
Baltimore Orioles Adley Rutschman C
70%
New York Yankees Ben Rice 1B
70%
Philadelphia Phillies Bryson Stott 2B
70%
Miami Marlins Heriberto Hernandez LF
70%
Boston Red Sox Jarren Duran DH
70%
Boston Red Sox Willson Contreras 1B
70%
New York Mets Bo Bichette 3B
69%
Minnesota Twins Byron Buxton CF
69%
Houston Astros Christian Walker 1B
69%
Milwaukee Brewers Christian Yelich DH
69%
St. Louis Cardinals Jordan Walker RF
69%
Athletics Nick Kurtz 1B
69%
Houston Astros Carlos Correa SS
68%
Texas Rangers Corey Seager SS
68%
Boston Red Sox Garrett Crochet P
68%
Washington Nationals James Wood LF
68%
Minnesota Twins Josh Bell DH
68%
San Francisco Giants Rafael Devers DH
68%
Los Angeles Angels Zach Neto SS
68%
Toronto Blue Jays Alejandro Kirk C
67%
Cleveland Guardians Bo Naylor C
67%
Chicago Cubs Dansby Swanson SS
67%
Seattle Mariners Josh Naylor 1B
67%
New York Yankees Max Fried P
67%
Philadelphia Phillies Brandon Marsh LF
66%
Houston Astros Hunter Brown P
66%
San Francisco Giants Logan Webb P
66%
New York Yankees Cody Bellinger LF
65%
Atlanta Braves Michael Harris II CF
65%
Detroit Tigers Riley Greene LF
65%
Milwaukee Brewers William Contreras C
65%
Pittsburgh Pirates Brandon Lowe 2B
64%
Atlanta Braves Drake Baldwin DH
64%
New York Yankees Giancarlo Stanton DH
64%
San Francisco Giants Matt Chapman 3B
64%
Arizona Diamondbacks Nolan Arenado 3B
64%
Toronto Blue Jays George Springer DH
63%
Los Angeles Angels Josh Lowe LF
63%
Cleveland Guardians Steven Kwan LF
63%
Boston Red Sox Trevor Story SS
63%
San Francisco Giants Willy Adames SS
63%
Houston Astros Yainer Diaz C
63%
Tampa Bay Rays Yandy Diaz DH
63%
Milwaukee Brewers Brice Turang 2B
62%
Athletics Jacob Wilson SS
62%
Pittsburgh Pirates Marcell Ozuna DH
62%
San Diego Padres Xander Bogaerts SS
62%
Pittsburgh Pirates Bryan Reynolds LF
61%
Cincinnati Reds Eugenio Suarez DH
61%
San Diego Padres Jackson Merrill CF
61%
Chicago Cubs Nico Hoerner 2B
61%
Boston Red Sox Roman Anthony LF
61%
Athletics Shae Langeliers C
61%
New York Yankees Trent Grisham CF
61%
New York Yankees Austin Wells C
60%
Arizona Diamondbacks Gabriel Moreno C
60%
New York Yankees Jazz Chisholm Jr. 2B
60%
Kansas City Royals Vinnie Pasquantino 1B
60%
Seattle Mariners Logan Gilbert P
59%
Chicago Cubs Michael Busch 1B
59%
Washington Nationals C.J. Abrams SS
58%
Philadelphia Phillies Justin Crawford CF
58%
San Francisco Giants Luis Arraez 2B
58%
Miami Marlins Sandy Alcantara P
58%
Kansas City Royals Cole Ragans P
57%
New York Mets Freddy Peralta P
56%
Detroit Tigers Javier Baez SS
56%
Los Angeles Angels Jo Adell RF
56%
New York Mets Marcus Semien 2B
56%
Chicago White Sox Munetaka Murakami 1B
56%
Detroit Tigers Spencer Torkelson 1B
56%
Athletics Brent Rooker DH
55%
Chicago Cubs Ian Happ LF
55%
San Francisco Giants Jung Hoo Lee RF
55%
Tampa Bay Rays Junior Caminero 3B
55%
New York Mets Luis Robert Jr. CF
55%
Los Angeles Dodgers Miguel Rojas 2B
55%
Minnesota Twins Brooks Lee SS
53%
Minnesota Twins Joe Ryan P
53%
New York Mets Jorge Polanco 1B
53%
Athletics Luis Severino P
53%
San Francisco Giants Patrick Bailey C
53%
Seattle Mariners Randy Arozarena LF
53%
Boston Red Sox Wilyer Abreu RF
53%
Arizona Diamondbacks Alek Thomas CF
52%
Toronto Blue Jays Kevin Gausman P
52%
Kansas City Royals Lane Thomas CF
52%
New York Yankees Ryan McMahon 3B
52%
Toronto Blue Jays Andres Gimenez SS
51%
Texas Rangers Brandon Nimmo RF
51%
Toronto Blue Jays Ernie Clement 2B
51%
Colorado Rockies Hunter Goodman C
51%
Athletics Lawrence Butler RF
51%
Boston Red Sox Ceddanne Rafaela CF
50%
San Diego Padres Jake Cronenworth 2B
50%
Baltimore Orioles Taylor Ward LF
50%
Seattle Mariners Brendan Donovan 3B
49%
Chicago Cubs Carson Kelly C
49%
Detroit Tigers Gleyber Torres 2B
49%
Houston Astros Isaac Paredes 3B
49%
Los Angeles Angels Logan O'Hoppe C
48%
Texas Rangers Nathan Eovaldi P
48%
Tampa Bay Rays Cedric Mullins CF
47%
Toronto Blue Jays Daulton Varsho CF
47%
Pittsburgh Pirates Henry Davis C
47%
Athletics Jeff McNeil 2B
47%
Detroit Tigers Kerry Carpenter RF
47%
Miami Marlins Otto Lopez SS
47%
Baltimore Orioles Trevor Rodgers P
47%
Texas Rangers Wyatt Langford CF
47%
Miami Marlins Xavier Edwards 2B
47%
Boston Red Sox Caleb Durbin 3B
46%
Baltimore Orioles Colton Cowser CF
46%
New York Yankees Jose Caballero SS
46%
Los Angeles Angels Nolan Schanuel 1B
46%
Pittsburgh Pirates Ryan O'Hearn RF
46%
New York Mets Brett Baty DH
45%
Chicago White Sox Colson Montgomery SS
45%
Colorado Rockies Ezequiel Tovar SS
45%
Milwaukee Brewers Jacob Misiorowski P
45%
Colorado Rockies Kyle Freeland P
45%
Athletics Denzel Clarke CF
44%
Detroit Tigers Dillon Dingler C
44%
Milwaukee Brewers Sal Frelick RF
44%
Cincinnati Reds Andrew Abbott P
43%
Atlanta Braves Jonah Heim C
43%
Los Angeles Angels Jose Soriano P
43%
Chicago Cubs Matthew Boyd P
43%
Texas Rangers Jake Burger 1B
42%
Texas Rangers Josh Jung 3B
42%
Cincinnati Reds Ke'Bryan Hayes 3B
42%
St. Louis Cardinals Masyn Winn SS
42%
Cleveland Guardians Tanner Bibee P
42%
Athletics Tyler Soderstrom LF
42%
Boston Red Sox Carlos Narvaez C
41%
San Francisco Giants Heliot Ramos LF
41%
Kansas City Royals Jonathan India 2B
41%
Los Angeles Angels Jorge Soler DH
41%
Toronto Blue Jays Addison Barger RF
40%
Atlanta Braves Mauricio Dubon SS
40%
Chicago White Sox Miguel Vargas 3B
40%
Seattle Mariners Cole Young 2B
38%
San Francisco Giants Harrison Bader CF
38%
Washington Nationals Jacob Young CF
38%
San Diego Padres Nick Pivetta P
38%
Chicago White Sox Andrew Benintendi DH
37%
Tampa Bay Rays Ben Williamson 2B
37%
Cleveland Guardians Brayan Rocchio 2B
37%
Tampa Bay Rays Carson Williams SS
37%
Tampa Bay Rays Jonathan Aranda 1B
37%
Toronto Blue Jays Kazuma Okamoto 3B
37%
Cincinnati Reds Matt McLain 2B
37%
Minnesota Twins Royce Lewis 3B
37%
Cincinnati Reds Spencer Steer LF
37%
Cincinnati Reds TJ Friedl CF
37%
Colorado Rockies Brenton Doyle CF
36%
Cleveland Guardians Chase DeLauter RF
36%
Washington Nationals Keibert Ruiz C
36%
Cincinnati Reds Tyler Stephenson C
36%
New York Mets Carson Benge RF
35%
Detroit Tigers Kevin McGonigle 3B
35%
Cincinnati Reds Sal Stewart 1B
35%
St. Louis Cardinals Alec Burleson 1B
34%
Milwaukee Brewers Andrew Vaughn 1B
34%
Arizona Diamondbacks Carlos Santana 1B
34%
Houston Astros Jake Meyers CF
34%
Chicago Cubs Matt Shaw RF
34%
Cleveland Guardians Rhys Hoskins 1B
34%
Minnesota Twins Ryan Jeffers C
34%
Baltimore Orioles Tyler O'Neill RF
34%
San Diego Padres Gavin Sheets 1B
33%
St. Louis Cardinals JJ Wetherholt 2B
33%
St. Louis Cardinals Victor Scott II CF
33%
Minnesota Twins Austin Martin LF
32%
San Diego Padres Freddy Fermin C
32%
Milwaukee Brewers Garrett Mitchell CF
32%
Milwaukee Brewers Joey Ortiz SS
32%
Seattle Mariners Luke Raley RF
32%
Toronto Blue Jays Nathan Lukes LF
32%
Baltimore Orioles Samuel Basallo DH
32%
Baltimore Orioles Coby Mayo 3B
31%
Atlanta Braves Eli White LF
31%
St. Louis Cardinals Ivan Herrera DH
31%
Los Angeles Angels Yoan Moncada 3B
31%
Detroit Tigers Colt Keith DH
30%
Pittsburgh Pirates Jared Triolo SS
30%
San Diego Padres Ramon Laureano LF
30%
Tampa Bay Rays Drew Rasmussen P
29%
Cleveland Guardians Kyle Manzardo DH
29%
Chicago White Sox Austin Hays LF
28%
Chicago White Sox Chase Meidroth 2B
28%
Pittsburgh Pirates Nick Gonzales 3B
28%
Kansas City Royals Carter Jensen DH
27%
Cleveland Guardians Gabriel Arias SS
27%
St. Louis Cardinals Nolan Gorman 3B
27%
Texas Rangers Andrew McCutchen DH
26%
Texas Rangers Danny Jansen C
26%
Boston Red Sox Isiah Kiner-Falefa 2B
26%
St. Louis Cardinals Matthew Liberatore P
26%
Minnesota Twins Matt Wallner RF
26%
Chicago Cubs Moises Ballesteros DH
26%
Detroit Tigers Parker Meadows CF
26%
Pittsburgh Pirates Spencer Horwitz 1B
26%
Baltimore Orioles Blaze Alexander 2B
25%
Colorado Rockies Jake McCarthy LF
25%
Miami Marlins Jakob Marsee CF
25%
Minnesota Twins Luke Keaschall 2B
25%
Washington Nationals Brady House 3B
24%
Kansas City Royals Isaac Collins LF
24%
Colorado Rockies Willi Castro 2B
23%
Chicago White Sox Edgar Quero C
22%
Colorado Rockies Jordan Beck RF
22%
Arizona Diamondbacks Jordan Lawlar LF
22%
San Francisco Giants Casey Schmitt 1B
21%
Milwaukee Brewers David Hamilton 3B
21%
Seattle Mariners Dominic Canzone DH
20%
San Diego Padres Miguel Andujar DH
20%
Washington Nationals Cade Cavalli P
19%
Miami Marlins Christopher Morel 1B
19%
Miami Marlins Connor Norby DH
19%
Milwaukee Brewers Jake Bauers LF
19%
Tampa Bay Rays Nick Fortes C
19%
Washington Nationals Nasim Nuñez 2B
17%
Washington Nationals Daylen Lile DH
16%
Washington Nationals Joey Wiemer RF
16%
Seattle Mariners Leo Rivas SS
16%
Colorado Rockies Edouard Julien DH
15%
Houston Astros Joey Loperfido LF
15%
Los Angeles Angels Oswald Peraza 2B
15%
Minnesota Twins Victor Caratini 1B
15%
Miami Marlins Austin Slater RF
11%
Tampa Bay Rays Jonny DeLuca RF
11%
St. Louis Cardinals Nathan Church LF
11%
Cleveland Guardians Daniel Schneemann CF
10%
Miami Marlins Javier Sanoja 3B
10%
Colorado Rockies TJ Rumfield 1B
10%
Washington Nationals Andres Chaparro 1B
7%
Colorado Rockies Kyle Karros 3B
7%
Tampa Bay Rays Ryan Vilade LF
5%
Texas Rangers Sam Haggerty LF
5%
Chicago White Sox Everson Pereira RF
4%
No matching quizzes found
Score Distribution
Percent of People with Each Score
Percentile by Number Answered
Your Score History
You have not taken this quiz since the last reset